| 000 | 01246nam0a22002771 4500 | ||
|---|---|---|---|
| 001 | rc\3486822 | ||
| 005 | 20260406153312.0 | ||
| 021 |
_aRU _b[74-46400] |
||
| 035 | _a(NLR Aleph) 007647309 | ||
| 090 |
_a6190798 _c6190798 |
||
| 100 | _a20130115d1974 |||y0rusy50 ca | ||
| 101 | 0 | _arus | |
| 102 | _aRU | ||
| 105 | _ay z ||||| | ||
| 200 | 1 |
_aНормы оценки знаний, умений и навыков учащихся I-III классов по русскому языку, математике и природоведению _fМ-во нар. образования МССР. Науч.-исслед. ин-т педагогики |
|
| 210 |
_aКишинев _cЛумина _d1974 |
||
| 215 |
_a19 с. _d20 |
||
| 606 |
_aМатематика _xУспеваемость учащихся _xПроверка _2psbo |
||
| 606 |
_aПриродоведение _xУспеваемость учащихся _xПроверка _2psbo |
||
| 606 |
_aРусский язык _xУспеваемость учащихся _xПроверка _2psbo |
||
| 712 | 0 | 2 |
_aНИИ педагогики _cКишинев _3RU\NLR\AUTH\889928702 _9352978 |
| 801 | 0 |
_aRU _bNLR _gpsbo |
|
| 801 | 1 |
_aRU _bELAR _2rusmarc |
|
| 852 |
_aNLR _j74-4/10644 |
||
| 942 | _cBOOK | ||
| 980 | _aNB | ||